• 首页
  • 本馆介绍
  • 公告通知
  • 最新文献
  • 馆藏检索
  • 电子资源
  • 读者导购
  • 参考咨询
  • 我的图书馆
  • 登录
  • 详细信息显示
  • 放入我的书架
  • 预约/预借图书
  • 作者相关作品
  • 分类相关作品
  • 丛书相关作品
  • 出版社相关作品

书目信息

  • 表格格式
  • 工作单格式
  • 卡片格式
题名:
社会与教育
    
 
作者: 陶孟和 著
分册:  
出版信息: 郑州   中州古籍出版社  2017
页数: 182页
开本: 24cm
丛书名: 昨日书林
单 册:
中图分类: G40-052
科图分类:
主题词: 教育社会学--jiao yu she hui xue--研究
电子资源:
ISBN: 978-7-5348-6703-3
000 00921nam 2200265 45
001 012001001904
005 20131027110742.0
010    @a978-7-5348-6703-3@dCNY38.00
099    @aCAL 012017160103
100    @a20171113d2017 em y0chiy50 ea
101 0  @achi
102    @aCN@b410000
105    @ay z 000yy
106    @ar
200 1  @a社会与教育@Ashe hui yu jiao yu@f陶孟和著
210    @a郑州@c中州古籍出版社@d2017
215    @a182页@d24cm
225 2  @a昨日书林@Azuo ri shu lin
330    @a本书是我国第一部明确以教育与社会之关系为研究对象, 并较为系统地研究教育社会学的著作, 标志着中国教育社会学的形成。本书中的许多观点和命题在今天看来, 都不失为高见。亦深切反映了陶孟和先进的教育思想。
410  0 @12001 @a昨日书林
606 0  @a教育社会学@Ajiao yu she hui xue@x研究
690    @aG40-052@v5
701  0 @a陶孟和@Atao meng he@4著
801  2 @aCN@b江苏凤凰@c20191020
905    @b1239843-6@dG40-052@e1072@f4
    
    社会与教育/陶孟和著.-郑州:中州古籍出版社,2017
    182页;24cm.-(昨日书林)
    
    
    ISBN 978-7-5348-6703-3:CNY38.00
    本书是我国第一部明确以教育与社会之关系为研究对象, 并较为系统地研究教育社会学的著作, 标志着中国教育社会学的形成。本书中的许多观点和命题在今天看来, 都不失为高见。亦深切反映了陶孟和先进的教育思想。
●
相关链接 在E读中查询图书 在五车中查询图书 在当当中查询图书 在豆瓣中查询图书


正题名:社会与教育     索取号:G40-052/1072         预约/预借

序号 登录号 条形码 馆藏地/架位号 状态 备注
1 1239843   212398430   第一样本阅览室/ [索取号:G40-052/1072] 在馆    
2 1239844   212398449   教育系资料室/ [索取号:G40-052/1072] 在馆    
3 1239845   212398458   教育系资料室/ [索取号:G40-052/1072] 在馆    
4 1239846   212398467   第四借阅区/ [索取号:G40-052/1072] 在馆    
唐山师范学院图书馆 欢迎您!
大连网信软件有限公司© 版权所有